[Event "Berlin Teschner Memorial"]
[Site "Berlin"]
[Date "2025.05.31"]
[Round "6"]
[White "Reimer, Philip"]
[Black "Strache, Michael"]
[Result "1/2-1/2"]
[WhiteElo "2180"]
[BlackElo "2254"]
[PlyCount "120"]
[EventDate "2025.05.29"]
[EventType "swiss"]
[EventRounds "7"]
[EventCountry "GER"]
[SourceTitle "CB23_2025"]
[SourceDate "2025.06.04"]
[SourceVersion "1"]
[SourceVersionDate "2025.06.04"]
[SourceQuality "1"]

1. e4 e6 2. d4 d5 3. Nc3 Nf6 4. Bg5 Bb4 5. e5 h6 6. Bc1 Ne4 7. Qg4 Kf8 8. Nge2 f5 9. exf6 Qxf6 10. f3 h5 11. Qf4 Nxc3 12. bxc3 Bd6 13. Qxf6+ gxf6 14. Nf4 Kf7 15. c4 c5 16. cxd5 exd5 17. Nxd5 Nc6 18. dxc5 Bxc5 19. Nc7 Rb8 20. Bc4+ Kg6 21. Bf4 Bf5 22. 0-0-0 Nd4 23. Nb5 Rbc8 24. Nxd4 Ba3+ 25. Kb1 Rxc4 26. Bc1 Rb4+ 27. Nb3 Bxc1 28. Kxc1 Rc8 29. Rd2 a5 30. Re1 a4 31. Nd4 Rxd4 32. Rxd4 Rxc2+ 33. Kd1 Rxa2 34. Rd2 Ra1+ 35. Ke2 Ra3 36. Rd4 b5 37. g4 hxg4 38. fxg4 Be6 39. Rb1 Bc4+ 40. Ke1 Re3+ 41. Kd1 Rh3 42. Rd2 Kg5 43. Rf2 a3 44. Kc1 Rc3+ 45. Kd2 Rd3+ 46. Kc2 Rd6 47. Kc3 Rd3+ 48. Kc2 Re3 49. Kd2 Re6 50. Kc3 Ra6 51. Rg1 Rc6 52. Rf5+ Kg6 53. Kb4 a2 54. Ka3 Rd6 55. Rf2 Rd3+ 56. Kb2 Rh3 57. Rd2 Kg5 58. Rf2 Be6 59. Re1 Bc4 60. Rg1 Kg6 1/2-1/2

[Event "Karlsruhe Grenke op"]
[Site "Karlsruhe"]
[Date "2025.04.18"]
[Round "3"]
[White "Reimer, Philip"]
[Black "Mohamed, Anees M"]
[Result "0-1"]
[WhiteElo "2131"]
[BlackElo "2359"]
[PlyCount "66"]
[EventDate "2025.04.17"]
[EventType "swiss"]
[EventRounds "9"]
[EventCountry "GER"]
[SourceTitle "CB17_2025"]
[SourceDate "2025.04.23"]
[SourceVersion "1"]
[SourceVersionDate "2025.04.23"]
[SourceQuality "1"]

1. e4 c5 2. Nf3 a6 3. c3 d5 4. exd5 Qxd5 5. d4 e6 6. Bd3 cxd4 7. cxd4 Nf6 8. 0-0 Be7 9. Nc3 Qd8 10. Re1 Nc6 11. Ne5 Qxd4 12. Nxc6 bxc6 13. Bg5 h6 14. Bxf6 Bxf6 15. Qf3 0-0 16. Qxc6 Rb8 17. Rad1 Qb4 18. Qf3 Bb7 19. Qe2 a5 20. a3 Qb6 21. Rc1 Rfd8 22. Bb1 Rd4 23. Qc2 g6 24. Na4 Qd6 25. Qc5 Qf4 26. Nc3 Qg4 27. f3 Bxf3 28. Rc2 Rbd8 29. Rf1 Rd2 30. Rf2 Rd1+ 31. Nxd1 Rxd1+ 32. Rf1 Bd4+ 33. Kh1 Rxf1# 0-1

[Event "Reykjavik op"]
[Site "Reykjavik"]
[Date "2024.03.17"]
[Round "4"]
[White "Hauksson, Bjorgvin Jonas"]
[Black "Reimer, Philip"]
[Result "0-1"]
[WhiteElo "1836"]
[BlackElo "2095"]
[PlyCount "69"]
[EventDate "2024.03.15"]
[EventType "swiss"]
[EventRounds "9"]
[EventCountry "ISL"]
[SourceTitle "CBM 219 Extra"]
[Source "ChessBase"]
[SourceDate "2024.05.31"]
[SourceVersion "1"]
[SourceVersionDate "2024.05.31"]
[SourceQuality "1"]

1. e4 c5 2. Nf3 e6 3. d3 Nc6 4. Nc3 d5 5. exd5 exd5 6. Bf4 Nf6 7. Qd2 Bd6 8. Be2 0-0 9. 0-0 a6 10. a4 Re8 11. Bg5 Be7 12. Rab1 d4 13. Na2 b5 14. axb5 axb5 15. Nc1 Nd5 16. Nb3 Qd6 17. Rfe1 Bf8 18. Bh4 Bf5 19. Bg3 Qd7 20. c3 dxc3 21. bxc3 b4 22. cxb4 Ndxb4 23. Rbd1 Ra2 24. Qc3 Rc2 25. Qa1 Rcxe2 26. Rxe2 Rxe2 27. d4 Nc2 28. Qa6 Re8 29. d5 N6d4 30. Nbxd4 Nxd4 31. Nxd4 cxd4 32. d6 d3 33. f3 Bg6 34. Qb6 Qa4 35. Re1 0-1

[Event "Reykjavik op"]
[Site "Reykjavik"]
[Date "2024.03.16"]
[Round "3"]
[White "Reimer, Philip"]
[Black "Slikker, Willem"]
[Result "1/2-1/2"]
[WhiteElo "2095"]
[BlackElo "1936"]
[PlyCount "66"]
[EventDate "2024.03.15"]
[EventType "swiss"]
[EventRounds "9"]
[EventCountry "ISL"]
[SourceTitle "CBM 219 Extra"]
[Source "ChessBase"]
[SourceDate "2024.05.31"]
[SourceVersion "1"]
[SourceVersionDate "2024.05.31"]
[SourceQuality "1"]

1. e4 c5 2. Nf3 d6 3. d4 cxd4 4. Nxd4 Nf6 5. Nc3 a6 6. f4 e5 7. Nb3 Qc7 8. Be2 b5 9. a4 b4 10. Nd5 Nxd5 11. exd5 Bf5 12. Bd3 Bxd3 13. Qxd3 Nd7 14. 0-0 Be7 15. Be3 0-0 16. Kh1 Bf6 17. Rab1 Nb6 18. Bxb6 Qxb6 19. Nd2 exf4 20. Rxf4 Bg5 21. Nc4 Qd8 22. Re4 Qc7 23. Rbe1 Bf6 24. b3 Rac8 25. R1e2 Qc5 26. g3 Rfd8 27. Kg2 Bc3 28. Re7 Bf6 29. R7e4 Bc3 30. g4 Rf8 31. Re7 Bd4 32. R7e4 Bc3 33. Re7 Bd4 1/2-1/2

[Event "Niedersachsen-ch"]
[Site "Verden an der Aller"]
[Date "2024.01.06"]
[Round "6"]
[White "Heinemann, Ernst"]
[Black "Reimer, Philip"]
[Result "1/2-1/2"]
[WhiteElo "2033"]
[BlackElo "2152"]
[PlyCount "53"]
[EventDate "2024.01.04"]
[EventType "swiss"]
[EventRounds "7"]
[EventCountry "GER"]
[SourceTitle "CBM 218 Extra"]
[Source "ChessBase"]
[SourceDate "2024.03.31"]
[SourceVersion "1"]
[SourceVersionDate "2024.03.31"]
[SourceQuality "1"]

1. e4 c5 2. Nf3 e6 3. b3 b6 4. d4 cxd4 5. Nxd4 Bb7 6. Bd3 Bc5 7. Be3 Ne7 8. 0-0 0-0 9. Nd2 e5 10. Nf5 Nxf5 11. exf5 d5 12. Bxc5 bxc5 13. c4 d4 14. Be4 Qc7 15. f6 g6 16. f4 Nd7 17. fxe5 Nxe5 18. Qe1 Rae8 19. Qh4 h5 20. Bxb7 Qxb7 21. Rf5 Qc6 22. Ne4 Re6 23. Qf4 Ng4 24. Nxc5 Rxf6 25. Rxf6 Qxf6 26. Qxf6 Nxf6 27. Rd1 1/2-1/2

[Event "Niedersachsen-ch"]
[Site "Verden an der Aller"]
[Date "2024.01.06"]
[Round "5"]
[White "Reimer, Philip"]
[Black "Sauer, Tim"]
[Result "0-1"]
[WhiteElo "2152"]
[BlackElo "2126"]
[PlyCount "84"]
[EventDate "2024.01.04"]
[EventType "swiss"]
[EventRounds "7"]
[EventCountry "GER"]
[SourceTitle "CBM 218 Extra"]
[Source "ChessBase"]
[SourceDate "2024.03.31"]
[SourceVersion "1"]
[SourceVersionDate "2024.03.31"]
[SourceQuality "1"]

1. e4 c5 2. c3 d5 3. exd5 Qxd5 4. d4 Nf6 5. Nf3 Bg4 6. dxc5 Qxc5 7. h3 Bh5 8. Be3 Qc7 9. Nbd2 Nc6 10. Qa4 Nd7 11. Nd4 Nb6 12. Qb5 Bg6 13. Nxc6 bxc6 14. Qa5 e6 15. Be2 Be7 16. h4 f6 17. h5 Bf7 18. h6 g6 19. Ne4 0-0 20. Bc5 Qe5 21. Bxb6 Qxe4 22. Be3 Qxg2 23. 0-0-0 c5 24. Qc7 Rfe8 25. Rhg1 Qe4 26. Rg4 Qf5 27. Rf4 Qh3 28. Bb5 Rac8 29. Qxa7 g5 30. Bxe8 Rxe8 31. Ra4 Qf5 32. Qa6 Bg6 33. Qe2 Qb1+ 34. Kd2 Qc2+ 35. Ke1 Qxa4 36. b3 Qc6 37. a4 Qh1+ 38. Qf1 Qxf1+ 39. Kxf1 Bc2 40. Rd7 Bxb3 41. a5 Kf8 42. a6 Bc4+ 0-1

[Event "Niedersachsen-ch"]
[Site "Verden an der Aller"]
[Date "2024.01.04"]
[Round "2"]
[White "Bargsten, Justus"]
[Black "Reimer, Philip"]
[Result "1/2-1/2"]
[WhiteElo "2216"]
[BlackElo "2152"]
[PlyCount "42"]
[EventDate "2024.01.04"]
[EventType "swiss"]
[EventRounds "7"]
[EventCountry "GER"]
[SourceTitle "CBM 218 Extra"]
[Source "ChessBase"]
[SourceDate "2024.03.31"]
[SourceVersion "1"]
[SourceVersionDate "2024.03.31"]
[SourceQuality "1"]

1. e4 c5 2. Nf3 Nc6 3. d4 cxd4 4. Nxd4 Nf6 5. Nc3 e5 6. Ndb5 d6 7. Bg5 a6 8. Na3 b5 9. Nab1 Be7 10. Bxf6 Bxf6 11. a4 b4 12. Nd5 0-0 13. Bc4 Bg5 14. 0-0 Be6 15. c3 a5 16. cxb4 axb4 17. Qd3 Kh8 18. Nd2 Rb8 19. Ne3 Nd4 20. Nb3 Bxe3 21. fxe3 Bxc4 1/2-1/2

[Event "Niedersachsen-ch"]
[Site "Verden an der Aller"]
[Date "2024.01.04"]
[Round "1"]
[White "Reimer, Philip"]
[Black "Pubantz, Jan"]
[Result "1/2-1/2"]
[WhiteElo "2152"]
[BlackElo "2288"]
[PlyCount "85"]
[EventDate "2024.01.04"]
[EventType "swiss"]
[EventRounds "7"]
[EventCountry "GER"]
[SourceTitle "CBM 218 Extra"]
[Source "ChessBase"]
[SourceDate "2024.03.31"]
[SourceVersion "1"]
[SourceVersionDate "2024.03.31"]
[SourceQuality "1"]

1. e4 c6 2. d4 d5 3. e5 Bf5 4. Nf3 e6 5. Be2 c5 6. Be3 Qb6 7. 0-0 Nc6 8. c4 dxc4 9. Na3 Bd3 10. Bxd3 cxd3 11. dxc5 Bxc5 12. Nc4 Qa6 13. Rc1 Be7 14. Qxd3 Nb4 15. Qe4 Nd5 16. Qg4 Kf8 17. Nd4 g6 18. Bg5 Kg7 19. h4 Bxg5 20. hxg5 h6 21. Nd6 hxg5 22. Nxe6+ fxe6 23. Qxe6 Nge7 24. Rfd1 Rhf8 25. Rxd5 Nxd5 26. Qxd5 Qb6 27. Qxb7+ Qxb7 28. Nxb7 Rac8 29. Nc5 Kf7 30. b4 Rfd8 31. Rc3 Rd1+ 32. Kh2 Rd4 33. Ra3 Rh4+ 34. Kg3 Rc7 35. e6+ Ke8 36. Rf3 a5 37. a3 Rc6 38. Rb3 axb4 39. axb4 Rb6 40. b5 Ke7 41. Rd3 Rc4 42. Rd7+ Ke8 43. Na6 1/2-1/2

[Event "GER-chT U20"]
[Site "Magdeburg"]
[Date "2023.12.27"]
[Round "1.6"]
[White "Reimer, Philip"]
[Black "Leonard, Timo"]
[Result "1/2-1/2"]
[WhiteElo "2152"]
[BlackElo "2170"]
[PlyCount "75"]
[EventDate "2023.12.26"]
[EventType "team-swiss"]
[EventRounds "7"]
[EventCountry "GER"]
[SourceTitle "CBM 218 Extra"]
[Source "ChessBase"]
[SourceDate "2024.03.31"]
[SourceVersion "1"]
[SourceVersionDate "2024.03.31"]
[SourceQuality "1"]
[WhiteTeam "Lehrte"]
[BlackTeam "Hemer"]
[WhiteTeamCountry "GER"]
[BlackTeamCountry "GER"]

1. e4 e6 2. d4 d5 3. Nc3 Nf6 4. Bg5 dxe4 5. Nxe4 Be7 6. Bxf6 gxf6 7. g3 f5 8. Nc3 c6 9. Bg2 Nd7 10. Nge2 Rb8 11. 0-0 Nf6 12. Nf4 Qd6 13. a4 b6 14. Re1 Bb7 15. Qe2 0-0 16. Rad1 Rfe8 17. h3 Bf8 18. Nh5 Qe7 19. Kh2 Rbd8 20. Nf4 Qb4 21. Nd3 Qxd4 22. Ne5 Qc5 23. f4 Rxd1 24. Rxd1 Bg7 25. Bf3 Nd5 26. Nxf7 Kxf7 27. Bh5+ Ke7 28. Bxe8 Bxc3 29. bxc3 Kxe8 30. c4 Ne7 31. Rd2 Kf7 32. Qh5+ Kf6 33. Qxh7 Qe3 34. Qh6+ Kf7 35. Qh7+ Kf6 36. Qh6+ Kf7 37. Qh7+ Kf6 38. Qh6+ 1/2-1/2

[Event "Niedersachsen-ch"]
[Site "Verden"]
[Date "2023.01.07"]
[Round "6"]
[White "Gentemann, Moritz"]
[Black "Reimer, Philip"]
[Result "1/2-1/2"]
[WhiteElo "2180"]
[BlackElo "2144"]
[PlyCount "113"]
[EventDate "2023.01.05"]
[EventType "swiss"]
[EventRounds "7"]
[EventCountry "GER"]
[SourceTitle "CBM 212 Extra"]
[Source "ChessBase"]
[SourceDate "2023.03.31"]
[SourceVersion "1"]
[SourceVersionDate "2023.03.31"]
[SourceQuality "1"]

1. d4 Nf6 2. c4 e6 3. Nf3 a6 4. Nc3 d5 5. cxd5 exd5 6. Bg5 Be6 7. e3 c6 8. Bd3 Nbd7 9. h3 Bd6 10. Bf4 Qc7 11. Bxd6 Qxd6 12. 0-0 0-0 13. Qb3 Rab8 14. a4 Ne4 15. Qa3 Qxa3 16. Rxa3 Nd6 17. b4 Nb6 18. Nd2 f5 19. f4 Ne4 20. Bxe4 dxe4 21. Rc1 Rfc8 22. Kf2 Ra8 23. a5 Nd5 24. Nxd5 Bxd5 25. Nb1 b5 26. Nd2 Kf7 27. Nb3 Ra7 28. Nc5 h5 29. Raa1 h4 30. Rg1 Kf6 31. g3 hxg3+ 32. Rxg3 g6 33. Rag1 Bf7 34. h4 Rh8 35. Rh3 Rh7 36. Rg5 Rh8 37. Kg3 Rh7 38. Rh2 Rh6 39. Rg2 Rh8 40. h5 Rxh5 41. Rxh5 gxh5 42. Kh4 Bd5 43. Rg5 Bf7 44. Kg3 Bg6 45. Kf2 Bf7 46. Kg3 Bg6 47. Nb3 Rc7 48. Kh4 Ra7 49. Kg3 Rc7 50. Kf2 Re7 51. Na1 Rg7 52. Nb3 Re7 53. Nc5 Ra7 54. Rg1 Bf7 55. Kg3 Bd5 56. Kh4 Bc4 57. Rg5 1/2-1/2

[Event "GER-chT U20"]
[Site "Kiel"]
[Date "2022.07.24"]
[Round "3.3"]
[White "Kotyk, Michael"]
[Black "Reimer, Philip"]
[Result "1-0"]
[WhiteElo "2112"]
[BlackElo "2001"]
[PlyCount "83"]
[EventDate "2022.07.22"]
[EventType "team-swiss"]
[EventRounds "7"]
[EventCountry "GER"]
[SourceTitle "CBM 209 Extra"]
[Source "ChessBase"]
[SourceDate "2022.09.30"]
[SourceVersion "1"]
[SourceVersionDate "2022.09.30"]
[SourceQuality "1"]
[WhiteTeam "Hamburger SK"]
[BlackTeam "Lehrte"]
[WhiteTeamCountry "GER"]
[BlackTeamCountry "GER"]

1. d4 Nf6 2. c4 e6 3. Nc3 Bb4 4. e3 0-0 5. Bd2 b6 6. Nf3 Bb7 7. Bd3 d6 8. 0-0 Nbd7 9. Rc1 Kh8 10. a3 Bxc3 11. Bxc3 Ne4 12. Be1 f5 13. Nd2 Qg5 14. f4 Qg6 15. Nxe4 Bxe4 16. Bxe4 fxe4 17. Qa4 Nf6 18. Qc6 Ng4 19. Bd2 Rac8 20. b4 Qf5 21. b5 Rf7 22. h3 Nh6 23. c5 dxc5 24. dxc5 Rd8 25. Bc3 Rfd7 26. Be5 Qg6 27. Rf2 Rd1+ 28. Rxd1 Rxd1+ 29. Kh2 Rd8 30. Qxc7 Rg8 31. cxb6 axb6 32. g4 Nxg4+ 33. hxg4 Qxg4 34. Qe7 Qh5+ 35. Kg3 Qh1 36. Qh4 Qg1+ 37. Rg2 Qe1+ 38. Kg4 Qxe3 39. Kg5 Rf8 40. Qg3 Qc1 41. Kh4 Qh1+ 42. Rh2 1-0

[Event "GER-chT U20"]
[Site "Kiel"]
[Date "2022.07.24"]
[Round "4.5"]
[White "Reimer, Philip"]
[Black "Beetz, Ole"]
[Result "1-0"]
[WhiteElo "2001"]
[BlackElo "1601"]
[PlyCount "67"]
[EventDate "2022.07.22"]
[EventType "team-swiss"]
[EventRounds "7"]
[EventCountry "GER"]
[SourceTitle "CBM 209 Extra"]
[Source "ChessBase"]
[SourceDate "2022.09.30"]
[SourceVersion "1"]
[SourceVersionDate "2022.09.30"]
[SourceQuality "1"]
[WhiteTeam "Lehrte"]
[BlackTeam "Essen Katernberg"]
[WhiteTeamCountry "GER"]
[BlackTeamCountry "GER"]

1. d4 Nf6 2. Bg5 e6 3. e4 Be7 4. Bxf6 Bxf6 5. Nf3 d5 6. e5 Be7 7. Bd3 c5 8. c3 Nc6 9. a3 Qb6 10. b4 c4 11. Bc2 a5 12. Nbd2 Bd7 13. 0-0 0-0 14. Qe2 Ra7 15. Rfb1 axb4 16. axb4 Rfa8 17. Qd1 Qd8 18. g3 g6 19. Qc1 Ra2 20. Nf1 Qb8 21. Rxa2 Rxa2 22. Ra1 Qa8 23. Rxa2 Qxa2 24. Ne3 h5 25. g4 Kh8 26. gxh5 gxh5 27. Nxd5 f5 28. Qh6+ Kg8 29. Nxe7+ Nxe7 30. Qg5+ Kf8 31. Qf6+ Ke8 32. Qh8+ Kf7 33. Ng5+ Kg6 34. Qf6# 1-0

[Event "GER-ch Youth-A"]
[Site "Willingen"]
[Date "2022.06.07"]
[Round "4"]
[White "Reimer, Philip"]
[Black "Wensing, Maximilian"]
[Result "1/2-1/2"]
[WhiteElo "1977"]
[BlackElo "2063"]
[PlyCount "75"]
[EventDate "2022.06.04"]
[EventType "swiss"]
[EventRounds "9"]
[EventCountry "GER"]
[SourceTitle "CBM 208 Extra"]
[Source "ChessBase"]
[SourceDate "2022.07.31"]
[SourceVersion "1"]
[SourceVersionDate "2022.07.31"]
[SourceQuality "1"]

1. e4 c5 2. Nf3 a6 3. c3 d5 4. exd5 Nf6 5. d4 Qxd5 6. dxc5 Qxc5 7. Be3 Qc7 8. Nbd2 e6 9. Bd3 Be7 10. a4 Nd5 11. Qe2 Nxe3 12. Qxe3 Nd7 13. 0-0 Nf6 14. a5 0-0 15. Nc4 Bd7 16. Nb6 Rad8 17. b4 Bd6 18. Rfd1 Bf4 19. Qc5 Qxc5 20. bxc5 Bc6 21. Nd4 Be4 22. c6 Bxd3 23. Rxd3 bxc6 24. Rf3 Bc7 25. Nxc6 Rd6 26. Ne7+ Kh8 27. Nc4 Rd7 28. Nc6 Rd5 29. Nb4 Rc5 30. Nb6 Bxb6 31. axb6 a5 32. b7 Rb5 33. Nc6 Rxb7 34. Kf1 Rc8 35. Nxa5 Rb2 36. c4 h5 37. Rfa3 Rc5 38. R3a2 1/2-1/2

[Event "GER-ch Youth-A"]
[Site "Willingen"]
[Date "2022.06.05"]
[Round "2"]
[White "Reimer, Philip"]
[Black "Kotyk, Michael"]
[Result "1-0"]
[WhiteElo "1977"]
[BlackElo "2197"]
[PlyCount "99"]
[EventDate "2022.06.04"]
[EventType "swiss"]
[EventRounds "9"]
[EventCountry "GER"]
[SourceTitle "CBM 208 Extra"]
[Source "ChessBase"]
[SourceDate "2022.07.31"]
[SourceVersion "1"]
[SourceVersionDate "2022.07.31"]
[SourceQuality "1"]

1. e4 c6 2. d4 g6 3. Nc3 Bg7 4. f4 d5 5. e5 h5 6. Nf3 Nh6 7. Be3 Bg4 8. Qe2 Nf5 9. Bf2 e6 10. 0-0-0 h4 11. Kb1 h3 12. g3 Bf8 13. Qd3 b5 14. Ne2 Qb6 15. Nc1 Nd7 16. Be2 Rc8 17. Ng1 Nh6 18. Bxg4 Nxg4 19. Be1 c5 20. Qf3 f5 21. exf6 Ngxf6 22. Nge2 c4 23. g4 Bd6 24. Bg3 Ne4 25. Nc3 Ndf6 26. Nxe4 Nxe4 27. Rhe1 Kd7 28. Rxe4 dxe4 29. Qxe4 Qc6 30. Qxg6 Qd5 31. Ne2 b4 32. f5 exf5 33. Qg7+ Kc6 34. Bxd6 Qxd6 35. Qxa7 Rc7 36. d5+ Kd7 37. Qa4+ Kd8 38. Nd4 Re8 39. Nxf5 Qd7 40. Qxb4 Re2 41. Qf8+ Qe8 42. Qf6+ Kd7 43. d6 Rb7 44. Qg7+ Kc8 45. Qd4 Kd7 46. Qxc4 Qe5 47. b3 Rxh2 48. Ne7 Ke8 49. Qc8+ Kf7 50. Qg8+ 1-0

[Event "GER-ch U16"]
[Site "Willingen"]
[Date "2020.10.23"]
[Round "5"]
[White "Zackrisson, Peter"]
[Black "Reimer, Philip"]
[Result "0-1"]
[WhiteElo "1947"]
[BlackElo "1984"]
[PlyCount "70"]
[EventDate "2020.10.19"]
[EventType "swiss"]
[EventRounds "7"]
[EventCountry "GER"]
[SourceTitle "EXT 2022"]
[Source "ChessBase"]
[SourceDate "2021.10.06"]
[SourceVersion "1"]
[SourceVersionDate "2021.10.06"]
[SourceQuality "1"]

1. e4 c5 2. Nf3 Nc6 3. d4 cxd4 4. Nxd4 Nf6 5. Nc3 e5 6. Ndb5 d6 7. Bg5 a6 8. Na3 b5 9. Nd5 Be7 10. Bxf6 Bxf6 11. c3 0-0 12. Nc2 Rb8 13. Bd3 Bg5 14. h4 Bh6 15. Nce3 Be6 16. Bc2 b4 17. Ba4 Ne7 18. Nxb4 Bxe3 19. fxe3 a5 20. Nd3 f5 21. Qd2 fxe4 22. Nf2 d5 23. 0-0-0 Qb6 24. g4 Kh8 25. Rdg1 d4 26. Nd1 dxc3 27. Nxc3 Rfd8 28. Qf2 Rd3 29. Nd1 Nd5 30. Bc2 Nb4 31. Kb1 Rc8 32. Nc3 Rdxc3 33. Bxe4 Bxa2+ 34. Ka1 Qxe3 35. Qf5 Bg8 0-1

[Event "GER-ch U16"]
[Site "Willingen"]
[Date "2020.10.21"]
[Round "3"]
[White "Nguyen, Alex Dac Vuong"]
[Black "Reimer, Philip"]
[Result "1/2-1/2"]
[WhiteElo "2343"]
[BlackElo "1984"]
[PlyCount "47"]
[EventDate "2020.10.19"]
[EventType "swiss"]
[EventRounds "7"]
[EventCountry "GER"]
[SourceTitle "EXT 2022"]
[Source "ChessBase"]
[SourceDate "2021.10.06"]
[SourceVersion "1"]
[SourceVersionDate "2021.10.06"]
[SourceQuality "1"]

1. e4 c5 2. Nf3 e6 3. d4 cxd4 4. Nxd4 Nf6 5. Nc3 Nc6 6. Ndb5 d6 7. Bf4 e5 8. Bg5 a6 9. Na3 b5 10. Bxf6 gxf6 11. Nd5 Bg7 12. Bd3 Ne7 13. Nxe7 Qxe7 14. 0-0 f5 15. Re1 0-0 16. c4 Bb7 17. cxb5 fxe4 18. Bxe4 d5 19. Bf5 axb5 20. Qh5 h6 21. Nxb5 Ra4 22. Nc3 Rh4 23. Qd1 Rf4 24. Bc2 1/2-1/2

[Event "GER-ch U16"]
[Site "Willingen"]
[Date "2020.10.20"]
[Round "1"]
[White "Kolb, Tobias"]
[Black "Reimer, Philip"]
[Result "1-0"]
[WhiteElo "2268"]
[BlackElo "1984"]
[PlyCount "51"]
[EventDate "2020.10.19"]
[EventType "swiss"]
[EventRounds "7"]
[EventCountry "GER"]
[SourceTitle "EXT 2022"]
[Source "ChessBase"]
[SourceDate "2021.10.06"]
[SourceVersion "1"]
[SourceVersionDate "2021.10.06"]
[SourceQuality "1"]

1. e4 c5 2. Nc3 Nc6 3. Bb5 g6 4. Bxc6 dxc6 5. d3 Bg7 6. f4 Nf6 7. Nf3 0-0 8. 0-0 b6 9. Qe1 a5 10. Qh4 a4 11. a3 Ra5 12. f5 c4 13. e5 Nd5 14. fxg6 fxg6 15. Bh6 Nxc3 16. bxc3 Rxf3 17. Rxf3 Rxe5 18. Bxg7 Kxg7 19. Raf1 Be6 20. Qf2 Qd6 21. Qxb6 Rh5 22. h3 cxd3 23. cxd3 Qc5+ 24. Qxc5 Rxc5 25. Re3 Bf5 26. g4 1-0

[Event "Oberliga Nord W 1920"]
[Site "Germany"]
[Date "2020.02.09"]
[Round "6.8"]
[White "Feist, Mathias"]
[Black "Reimer, Philip"]
[Result "1/2-1/2"]
[WhiteElo "2107"]
[BlackElo "1979"]
[PlyCount "47"]
[EventDate "2019.09.29"]
[EventType "team-tourn"]
[EventRounds "9"]
[EventCountry "GER"]
[SourceTitle "CBM 195 Extra"]
[Source "ChessBase"]
[SourceDate "2020.05.31"]
[SourceVersion "1"]
[SourceVersionDate "2020.05.31"]
[SourceQuality "1"]

1. d4 Nf6 2. Nf3 e6 3. Bg5 d5 4. e3 c5 5. c3 Nc6 6. Nbd2 Be7 7. Bd3 0-0 8. 0-0 Nd7 9. Bf4 f5 10. c4 g5 11. Be5 g4 12. cxd5 exd5 13. Qb3 Ndxe5 14. Nxe5 Nxe5 15. dxe5 c4 16. Nxc4 dxc4 17. Bxc4+ Kh8 18. Rfd1 Qe8 19. Rd4 Bc5 20. Rd5 b6 21. Rad1 Be6 22. Rxc5 bxc5 23. Bxe6 Rd8 24. Rd6 1/2-1/2

[Event "Niedersachsen-ch op-A"]
[Site "Verden an der Aller"]
[Date "2020.01.04"]
[Round "6"]
[White "Reimer, Philip"]
[Black "Aden, Dagmar"]
[Result "1-0"]
[WhiteElo "2065"]
[BlackElo "1838"]
[PlyCount "71"]
[EventDate "2020.01.02"]
[EventType "swiss"]
[EventRounds "7"]
[EventCountry "GER"]
[SourceTitle "EXT 2023"]
[Source "ChessBase"]
[SourceDate "2022.10.05"]
[SourceVersion "1"]
[SourceVersionDate "2022.10.05"]
[SourceQuality "1"]

1. d4 d5 2. Bf4 Nf6 3. e3 e6 4. Nf3 Nbd7 5. c4 c6 6. Nc3 Qa5 7. Bd3 Bb4 8. Qc2 dxc4 9. Bxc4 Nd5 10. Bxd5 exd5 11. 0-0 Nf6 12. Nd2 0-0 13. a3 Bxc3 14. bxc3 Re8 15. a4 Ne4 16. Nxe4 Rxe4 17. f3 Re6 18. e4 dxe4 19. fxe4 Qh5 20. Rae1 Rg6 21. Bg3 Bd7 22. Qb3 Rxg3 23. hxg3 b6 24. c4 Re8 25. e5 c5 26. d5 Rxe5 27. a5 Rxe1 28. Rxe1 Qg4 29. axb6 axb6 30. Qxb6 g6 31. Qxc5 Qxg3 32. Qe7 Be6 33. Qb4 Bh3 34. Qd2 Bxg2 35. Re8+ Kg7 36. Qxg2 1-0

[Event "GER-chT U20"]
[Site "Braunschweig"]
[Date "2019.12.29"]
[Round "6.4"]
[White "Reimer, Philip"]
[Black "Tiedemann, Fin Niklas"]
[Result "1-0"]
[WhiteElo "2065"]
[BlackElo "1936"]
[PlyCount "85"]
[EventDate "2019.12.27"]
[EventType "team-swiss"]
[EventRounds "7"]
[EventCountry "GER"]
[SourceTitle "CBM 194 Extra"]
[Source "ChessBase"]
[SourceDate "2020.03.31"]
[SourceVersion "1"]
[SourceVersionDate "2020.03.31"]
[SourceQuality "1"]
[WhiteTeam "Lehrte"]
[BlackTeam "Luebeck"]
[WhiteTeamCountry "GER"]
[BlackTeamCountry "GER"]

1. e4 e5 2. Nf3 Nc6 3. Bc4 Bc5 4. b4 Bxb4 5. c3 Ba5 6. d4 exd4 7. 0-0 d6 8. Qb3 Qe7 9. e5 dxe5 10. Ba3 Qf6 11. Nbd2 Bf5 12. cxd4 0-0-0 13. dxe5 Nxe5 14. Nxe5 Qxe5 15. Bb2 Qf4 16. Bxg7 Rxd2 17. Bxh8 Nh6 18. Qa4 Bd7 19. Qxa5 Ng4 20. g3 Qf3 21. Rac1 Ne3 22. Qxc7+ Kxc7 23. Bd5+ Bc6 24. Bxf3 Nxf1 25. Kxf1 Rxa2 26. Bxc6 bxc6 27. Ra1 Rxa1+ 28. Bxa1 Kd6 29. Ke2 Kd5 30. Kd3 c5 31. Bc3 a6 32. g4 c4+ 33. Ke3 Kc5 34. Ke4 Kb5 35. Kd5 a5 36. Bxa5 Kxa5 37. Kxc4 Kb6 38. Kd5 Kc7 39. Ke5 Kd7 40. Kf6 Ke8 41. Kg7 Ke7 42. Kxh7 Kf6 43. h4 1-0